Cẩm nang phòng chống AIDS và chăm só người bị nhiễm HIV/AIDS tại gia đình
Guardat en:
| Autor principal: | |
|---|---|
| Format: | Llibre |
| Idioma: | Undetermined |
| Publicat: |
Tp. HCM
Tp. HCM
2001
|
| Matèries: | |
| Etiquetes: |
Afegir etiqueta
Sense etiquetes, Sigues el primer a etiquetar aquest registre!
|
| Thư viện lưu trữ: | Trung tâm Học liệu Trường Đại học Cần Thơ |
|---|
| LEADER | 00551nam a2200169Ia 4500 | ||
|---|---|---|---|
| 001 | CTU_47402 | ||
| 008 | 210402s9999 xx 000 0 und d | ||
| 082 | |a 614.4 | ||
| 082 | |b Ng419 | ||
| 100 | |a ĐỖ HỒNG NGỌC | ||
| 245 | 0 | |a Cẩm nang phòng chống AIDS và chăm só người bị nhiễm HIV/AIDS tại gia đình | |
| 245 | 0 | |c ĐỖ HỒNG NGỌC | |
| 260 | |a Tp. HCM | ||
| 260 | |b Tp. HCM | ||
| 260 | |c 2001 | ||
| 650 | |a aids - prevention,health education | ||
| 980 | |a Trung tâm Học liệu Trường Đại học Cần Thơ | ||